000 00375nam a2200169Ia 4500
001 25767
003 IN-NITTTR
005 20251114233326.0
008 251113s9999||||xx |||||||||||||| ||eng||
040 _beng
040 _cIN-NITTTR
041 _aeng
082 _a539.7 S23N
100 _aSharma, V. K.
245 0 _aNuclear physics. /
_cSharma, V. K.
942 _2ddc
_cBK
999 _c28396
_d28396